| 000 | 00535nam a2200193Ia 4500 | ||
|---|---|---|---|
| 005 | 20250923150013.0 | ||
| 008 | 008 250917s9999 xx 000 0 eng d | ||
| 037 | _aTextual | ||
| 040 |
_aDSWL _beng _cDSWL |
||
| 041 |
_aeng _2eng |
||
| 084 |
_aW,64x2, N98 _qDSWL |
||
| 245 | 0 |
_aConstitutionalization of Panchayti Raj _cEd. by R.P. Joshi |
|
| 260 |
_aRawat _bRawat Publications _c1998 |
||
| 300 | _a200 p. | ||
| 365 |
_aINR _b325.00 |
||
| 925 | _g325.00 | ||
| 942 |
_cTEXL _hW,64x2, N98 |
||
| 999 |
_c1458390 _d1458390 |
||